000 00488pam a2200193 a 4500
020 _a0256114501
040 _cDLC
082 0 0 _a620 IRW 1994 A036 Or.
100 1 _aDas, Braja M.,
245 1 0 _aEngineering mechanics.
260 _aBurr Ridge, Ill. :
_bIrwin,
_cc1994.
300 _axii, 516 p. :
_bcol. ill. ;
_c24 cm.
500 _aIncludes index.
650 0 _aMechanics, Applied.
650 0 _aDynamics.
700 1 _aKassimali, Aslam.
700 1 _aSami, Sedat.
942 _cEK
999 _c11384
_d11384